000 00282nam a2200109Ia 4500
008 200302s9999 xx 000 0 und d
100 _aEdward G. Pita
245 _aAir Conditioning Principles and Systems 4th ed.
260 _bUpper Saddle River
260 _c2002
300 _a524 P.,
999 _c2032
_d2032